<?xml version="1.0" encoding="UTF-8"?><?xml-stylesheet type="text/xsl" href="static/style.xsl"?><OAI-PMH xmlns="http://www.openarchives.org/OAI/2.0/" xmlns:xsi="http://www.w3.org/2001/XMLSchema-instance" xsi:schemaLocation="http://www.openarchives.org/OAI/2.0/ http://www.openarchives.org/OAI/2.0/OAI-PMH.xsd"><responseDate>2026-04-13T05:40:52Z</responseDate><request verb="GetRecord" identifier="oai:www.recercat.cat:10459.1/57167" metadataPrefix="marc">https://recercat.cat/oai/request</request><GetRecord><record><header><identifier>oai:recercat.cat:10459.1/57167</identifier><datestamp>2024-12-05T22:07:02Z</datestamp><setSpec>com_2072_3622</setSpec><setSpec>col_2072_479130</setSpec></header><metadata><record xmlns="http://www.loc.gov/MARC21/slim" xmlns:dcterms="http://purl.org/dc/terms/" xmlns:xsi="http://www.w3.org/2001/XMLSchema-instance" xmlns:doc="http://www.lyncode.com/xoai" xsi:schemaLocation="http://www.loc.gov/MARC21/slim http://www.loc.gov/standards/marcxml/schema/MARC21slim.xsd">
   <leader>00925njm 22002777a 4500</leader>
   <datafield ind2=" " ind1=" " tag="042">
      <subfield code="a">dc</subfield>
   </datafield>
   <datafield ind2=" " ind1=" " tag="720">
      <subfield code="a">Parisi Capdevila, Eva</subfield>
      <subfield code="e">author</subfield>
   </datafield>
   <datafield ind2=" " ind1=" " tag="720">
      <subfield code="a">Reñé Espinet, Josep Maria</subfield>
      <subfield code="e">author</subfield>
   </datafield>
   <datafield ind2=" " ind1=" " tag="720">
      <subfield code="a">Cardús i Figueras, Anna</subfield>
      <subfield code="e">author</subfield>
   </datafield>
   <datafield ind2=" " ind1=" " tag="720">
      <subfield code="a">Valcheva, Petya</subfield>
      <subfield code="e">author</subfield>
   </datafield>
   <datafield ind2=" " ind1=" " tag="720">
      <subfield code="a">Piñol Felis, Carme</subfield>
      <subfield code="e">author</subfield>
   </datafield>
   <datafield ind2=" " ind1=" " tag="720">
      <subfield code="a">Valdivielso Revilla, José Manuel</subfield>
      <subfield code="e">author</subfield>
   </datafield>
   <datafield ind2=" " ind1=" " tag="720">
      <subfield code="a">Fernández i Giráldez, Elvira</subfield>
      <subfield code="e">author</subfield>
   </datafield>
   <datafield ind2=" " ind1=" " tag="260">
      <subfield code="c">2016-06-06T11:01:37Z</subfield>
   </datafield>
   <datafield ind2=" " ind1=" " tag="260">
      <subfield code="c">2025-01-01</subfield>
   </datafield>
   <datafield ind2=" " ind1=" " tag="260">
      <subfield code="c">2008</subfield>
   </datafield>
   <datafield ind2=" " ind1=" " tag="520">
      <subfield code="a">A high expression of vitamin D receptor (VDR) in colorectal cancer (CRC) tumoral tissue has been related&#xd;
to a good prognosis and it has been proposed that it could be a good biological marker of CRC progression.&#xd;
Nevertheless, there are no previous studies that compare the VDR expression in tumoral towards normal&#xd;
tissue of the same CRC patient in relation to VDR BsmI genotype.&#xd;
We collected normal and tumoral tissue samples, as well as blood samples, from CRC patients (n = 170)&#xd;
and controls (n = 122). VDR genotyping was performed and BsmI homozygous patients were selected&#xd;
(CRC = 50, Cont = 32). VDR mRNA and protein levels were analyzed. We also measured 25-Hydroxyvitamin&#xd;
D serum levels.&#xd;
We found no differences in the polymorphism distribution in tumoral versus normal tissue (control:&#xd;
BB = 15.7%, bb = 41.3%, Bb = 43%; CRC: BB = 14.2%, bb = 41.9%, Bb = 43.9%). Furthermore, VDR levels decreased&#xd;
in colonic cancer tissue (mean: 3.03) versus normal mucosa (11.62) from the same patient (p &lt; 0.001),&#xd;
but this decrease was similar in both genotypes. There were differences in 25-Hydroxyvitamin D3 levels&#xd;
between the CRC and the control group (CRC = 8.65 ng/ml, Cont = 18.15 ng/ml).&#xd;
In conclusion, we found a decrease in VDR levels in tumoral compared with normal mucosa from the&#xd;
same patient. This difference is independent of the BsmI polymorphism.</subfield>
   </datafield>
   <datafield ind2=" " ind1=" " tag="520">
      <subfield code="a">This work was supported by Fundacio Dr Pifarré grants, FIS ´ PI07/0427, PI06/0010 and REDINREN (16/06).</subfield>
   </datafield>
   <datafield ind1="8" ind2=" " tag="024">
      <subfield code="a">http://hdl.handle.net/10459.1/57167</subfield>
   </datafield>
   <datafield tag="653" ind2=" " ind1=" ">
      <subfield code="a">Vitamin D</subfield>
   </datafield>
   <datafield tag="653" ind2=" " ind1=" ">
      <subfield code="a">Colon cancer</subfield>
   </datafield>
   <datafield tag="653" ind2=" " ind1=" ">
      <subfield code="a">VDR</subfield>
   </datafield>
   <datafield tag="653" ind2=" " ind1=" ">
      <subfield code="a">Bsml</subfield>
   </datafield>
   <datafield ind2="0" ind1="0" tag="245">
      <subfield code="a">Vitamin D receptor levels in colorectal cancer. Possible role of BsmI polymorphism</subfield>
   </datafield>
</record></metadata></record></GetRecord></OAI-PMH>